| 000 | 00775nam a22002295a 4500 | ||
|---|---|---|---|
| 999 |
_c1074 _d1074 |
||
| 001 | 19152 | ||
| 003 | BD-DhUAP | ||
| 005 | 20200202145325.0 | ||
| 008 | 200202s2013 bg 000 0 eng d | ||
| 040 |
_aDLC _cBD-DhUAP _bEng _dBD-DhUAP |
||
| 082 |
_223 _a347 RAH |
||
| 100 | 1 | _aRahman, Md. Mukhlasur. | |
| 245 | 1 | 0 |
_aLaws on partition suits : _ba book of laws relating to joint properties, suits for partition and the Partition Act, 1893 / _cMd. Mukhlasur Rahman. |
| 260 |
_aMymensingh, Bangladesh : _bMd. Mukhlasur Rahman, _cc2013. |
||
| 300 |
_axvi, 362 pages ; _c22 cm. |
||
| 650 | _aPartition Act. | ||
| 650 |
_a Partition _xPakistan. |
||
| 650 |
_a Partition _xIndia. |
||
| 906 |
_a7 _bibc _corignew _d3 _encip _f19 _gy-gencatlg |
||
| 942 |
_2ddc _cBK |
||